<?xml version="1.0" encoding="UTF-8"?>
<collection xmlns="http://www.loc.gov/MARC21/slim">
 <record>
  <leader>04372nam a22002771a 4500</leader>
  <controlfield tag="001">1/28654</controlfield>
  <controlfield tag="008">      s2002    lu     f      00010 gre d</controlfield>
  <datafield tag="022" ind1="0" ind2=" ">
   <subfield code="a">0254-1475</subfield>
  </datafield>
  <datafield tag="022" ind1="0" ind2=" ">
   <subfield code="a">0254-1483</subfield>
  </datafield>
  <datafield tag="028" ind1="3" ind2="1">
   <subfield code="a">2002/0188 (CNS)</subfield>
  </datafield>
  <datafield tag="028" ind1="3" ind2="1">
   <subfield code="a">KT-CO-02-432-GR-C</subfield>
  </datafield>
  <datafield tag="028" ind1="3" ind2="1">
   <subfield code="a">KT-CO-02-432-EN-C</subfield>
  </datafield>
  <datafield tag="035" ind1=" " ind2=" ">
   <subfield code="l">30578</subfield>
  </datafield>
  <datafield tag="040" ind1=" " ind2=" ">
   <subfield code="a">GR-PeUP</subfield>
  </datafield>
  <datafield tag="084" ind1=" " ind2=" ">
   <subfield code="2">KET</subfield>
   <subfield code="a">COM (2002) 418 τελικό</subfield>
  </datafield>
  <datafield tag="110" ind1="2" ind2=" ">
   <subfield code="a">Επιτροπή των Ευρωπαϊκών Κοινοτήτων.</subfield>
  </datafield>
  <datafield tag="245" ind1="1" ind2="0">
   <subfield code="a">Πρόταση απόφασης του Συμβουλίου για την υπογραφή και την προσωρινή εφαρμογή συμφωνίας υπό μορφή ανταλλαγής επιστολών μεταξύ της Ευρωπαϊκής Κοινότητας και της πρώην Γιουγκοσλαβικής Δημοκρατίας της Μακεδονίας, σχετικά με το σύστημα οικοσημείων που πρόκειται να εφαρμοστεί στη διαμετακομιστική κυκλοφορία της πρώην Γιουγκοσλαβικής Δημοκρατίας της Μακεδονίας μέσω της Αυστρίας. Πρόταση απόφασης του Συμβουλίου για τη σύναψη συμφωνίας υπό μορφή ανταλλαγής επιστολών μεταξύ της Ευρωπαϊκής Κοινότητας και της πρώην Γιουγκοσλαβικής Δημοκρατίας της Μακεδονίας σχετικά με το σύστημα οικοσημείων που πρόκειται να εφαρμοστεί στη διαμετακομιστική κυκλοφορία της πρώην Γιουγκοσλαβικής Δημοκρατίας της Μακεδονίας μέσω της Αυστρίας.:</subfield>
   <subfield code="b">υποβληθείσες από την Επιτροπή/</subfield>
   <subfield code="c">Επιτροπή των Ευρωπαϊκών Κοινοτήτων</subfield>
  </datafield>
  <datafield tag="246" ind1="1" ind2="0">
   <subfield code="a">Πρόταση απόφασης του Συμβουλίου για τη σύναψη συμφωνίας υπό μορφή ανταλλαγής επιστολών μεταξύ της Ευρωπαϊκής Κοινότητας και της πρώην Γιουγκοσλαβικής Δημοκρατίας της Μακεδονίας σχετικά με το σύστημα οικοσημείων που πρόκειται να εφαρμοστεί στη διαμετακομιστική κυκλοφορία της πρώην Γιουγκοσλαβικής Δημοκρατίας της Μακεδονίας μέσω της Αυστρίας.</subfield>
  </datafield>
  <datafield tag="246" ind1="1" ind2="0">
   <subfield code="a">Proposal for Council decision concerning the signature and provisional application of an Agreement in the form of an exchange of Letters between the European Community and the former Yuguslav Republic of Macedonia concerning the system of ecopoints to be applied to transit traffic of the former Yugoslav Republic of Macedonia through Austria. Proposal for Council decision concerning the conclusion of an Agreement in the form of an exchange of Letters between the European Community and the former Yuguslav Republic of Macedonia concerning the system of ecopoints to be applied to transit traffic of the former Yugoslav Republic of Macedonia through Austria:</subfield>
   <subfield code="b">presented by the Commission</subfield>
  </datafield>
  <datafield tag="246" ind1="1" ind2="0">
   <subfield code="a">Proposal for Council decision concerning the conclusion of an Agreement in the form of an exchange of Letters between the European Community and the former Yuguslav Republic of Macedonia concerning the system of ecopoints to be applied to transit traffic of the former Yugoslav Republic of Macedonia through Austria</subfield>
  </datafield>
  <datafield tag="260" ind1="0" ind2=" ">
   <subfield code="a">Βρυξέλλες, Λουξεμβούργο:</subfield>
   <subfield code="b">Υπηρεσία Επισήμων Εκδόσεων των Ευρωπαϊκών Κοινοτήτων,</subfield>
   <subfield code="c">23.7.2002</subfield>
  </datafield>
  <datafield tag="300" ind1=" " ind2=" ">
   <subfield code="a">29 σελ.</subfield>
  </datafield>
  <datafield tag="500" ind1=" " ind2=" ">
   <subfield code="a">Δίγλωσσο</subfield>
  </datafield>
  <datafield tag="852" ind1=" " ind2=" ">
   <subfield code="a">INST</subfield>
   <subfield code="b">UNIPILB</subfield>
   <subfield code="c">KET</subfield>
   <subfield code="e">20051013</subfield>
   <subfield code="h">COM (2002) 418</subfield>
   <subfield code="p">COM (2002) 418</subfield>
   <subfield code="q">COM (2002) 418</subfield>
   <subfield code="t">NOLOAN</subfield>
   <subfield code="y">23</subfield>
   <subfield code="4">1</subfield>
  </datafield>
  <datafield tag="856" ind1="7" ind2="8">
   <subfield code="u">https://eur-lex.europa.eu/legal-content/EL/TXT/HTML/?uri=CELEX:52002PC0392&amp;from=EL</subfield>
  </datafield>
  <datafield tag="856" ind1="7" ind2="8">
   <subfield code="u">https://eur-lex.europa.eu/legal-content/EN/TXT/HTML/?uri=CELEX:52002PC0392&amp;from=EL</subfield>
  </datafield>
 </record>
</collection>
